000
00198 a2200097 4500
001
13756
100
_a
Lithgow M
245
_a
Mach One
260
_a
London
_b
Allen Wingate
_c
090
_c
10750
_d
10750
942
_a
NUST-CAE
_c
M
_c
837
999
_c
248829
_d
248829